Africa by First and Last Letters Blitz Quiz Stats

 Plays Quiz Updated Jul 3, 2018

Score 0/54 Timer 01:30
3 Plays Today
% Correct
South Africa
95.5%
Somalia
95%
Egypt
94%
The Gambia
93.3%
Algeria
90.2%
Angola
89.6%
Nigeria
89.2%
Namibia
88.4%
Ethiopia
87.8%
Libya
87.6%
Eritrea
87.6%
Equatorial Guinea
87.3%
Liberia
87%
Tunisia
86.7%
Tanzania
86.2%
Morocco
83.9%
Sudan
81.9%
South Sudan
81.7%
Ghana
81.4%
Guinea
81%
Madagascar
80.3%
DRC
78.9%
Chad
77.4%
Kenya
77.2%
Mali
77.1%
Malawi
76.8%
Mauritania
76.7%
% Correct
Niger
74.8%
Rep. of Congo
72.6%
Rwanda
66.2%
Botswana
66.1%
Zimbabwe
65.9%
Cote d'Ivoire
65.9%
Cabo Verde
65.9%
Zambia
65.8%
Mozambique
63.5%
Uganda
62.2%
Lesotho
61.8%
CAR
61%
Senegal
60.4%
Togo
59.9%
Sierra Leone
58.7%
São Tomé & Prín.
58.6%
Cameroon
58.2%
Benin
56.5%
eSwatini
52.5%
Gabon
50.8%
Djibouti
50.7%
Burkina Faso
50.2%
Burundi
47.3%
Mauritius
46.8%
Seychelles
46.1%
Comoros
44.4%
Guinea-Bissau
39%

You're not logged in!

Compare scores with friends on all Sporcle quizzes.
Join for Free
OR
Log In

You Might Also Like...

Show Comments

Extras

Top Quizzes Today


Score Distribution

Your Account Isn't Verified!

In order to create a playlist on Sporcle, you need to verify the email address you used during registration. Go to your Sporcle Settings to finish the process.

Report this User

Report this user for behavior that violates our Community Guidelines.

Details: